| 000 | 00615nam a2200121Ia 4500 | ||
|---|---|---|---|
| 008 | 171212s9999 xx 000 0 und d | ||
| 020 | _a9780833092038 | ||
| 100 | _aSchaefer, Agnes Gereben;Wenger, Jennie W.;Kavanagh, Jennifer;Wong, Jonathan P.;Oak, Gillian S.;Trail, Thomas E.;Nichols, Todd | ||
| 245 |
_cSchaefer, Agnes Gereben;Wenger, Jennie W.;Kavanagh, Jennifer;Wong, Jonathan P.;Oak, Gillian S.;Trail, Thomas E.;Nichols, Todd _aImplications of Integrating Women into the Marine Corps Infantry |
||
| 260 |
_bRAND Corporation _c2015 |
||
| 650 | _aBusiness | ||
| 856 | _uhttp://jstor.org/stable/10.7249/j.ctt19gfk6m | ||
| 999 |
_c352179 _d352179 |
||